Pays Europe - Statistiques

Statistiques générales
  • Ce quiz a été pris 126 fois
  • Le résultat moyen est 35 sur 45
Réponses sur la Carte
Les réponses sont colorées sur une échelle allant du rouge au vert en fonction du pourcentage des utilisateurs qui les ont devinées à leur premier essai. Vous pouvez retrouver ces pourcentages ci-dessous.
 
Statistiques - réponses
Réponse % Correct
Allemagne
90%
Espagne
90%
Islande
89%
Royaume-Uni
89%
Russie
89%
Ukraine
89%
France
87%
Italie
87%
Luxembourg
87%
Portugal
87%
Suisse
87%
Biélorussie
86%
Grèce
86%
Irlande
86%
Belgique
84%
Suède
84%
Monaco
83%
Pays-Bas
83%
Danemark
81%
Pologne
81%
Estonie
79%
Norvège
79%
Andorre
78%
Roumanie
78%
Vatican
78%
Finlande
76%
Liechtenstein
76%
Malte
76%
Saint-Marin
76%
Autriche
73%
Lettonie
73%
République Tchèque
73%
Croatie
71%
Kosovo
71%
Lituanie
71%
Bulgarie
70%
Montenegro
68%
Slovénie
68%
Albanie
67%
Hongrie
67%
Moldavie
65%
Slovaquie
65%
Bosnie-Herzégovine
63%
Serbie
63%
Macédoine du Nord
60%
Aucun quiz correspondant
Distribution des résultats
% des personnes avec chaque résultat
Percentile par nombre de réponses
Votre historique - résultats
Vous n’avez pas pris ce quiz